[Event "Bayernliga U20 1314"]
[Site "Bayern"]
[Date "2014.02.15"]
[Round "7.1"]
[White "Arnold, Sebastian"]
[Black "Ott, Florian"]
[Result "0-1"]
[WhiteElo "1856"]
[BlackElo "2267"]
[PlyCount "120"]
[EventDate "2013.11.16"]
[EventType "team-tourn"]
[EventRounds "7"]
[EventCountry "GER"]
[SourceTitle "EXT 2022"]
[Source "ChessBase"]
[SourceDate "2021.10.06"]
[SourceVersion "1"]
[SourceVersionDate "2021.10.06"]
[SourceQuality "1"]
[WhiteTeam "Kelheim SK U20"]
[BlackTeam "Amberg SGS U20"]
[WhiteTeamCountry "GER"]
[BlackTeamCountry "GER"]

1. c4 e5 2. g3 Nf6 3. Bg2 Bc5 4. d3 d6 5. Nf3 0-0 6. 0-0 h6 7. Nc3 Nc6 8. a3 a5 9. Rb1 Re8 10. Nd2 Bg4 11. Nf3 Qd7 12. Qc2 Bh3 13. Na4 Ba7 14. Nc3 Bxg2 15. Kxg2 Nd4 16. Nxd4 exd4 17. Nd1 a4 18. e4 dxe3 19. Bxe3 Qc6+ 20. Kg1 Ng4 21. Bxa7 Rxa7 22. Nc3 Ra5 23. Rbc1 Nxh2 24. Nd5 Nxf1 25. Kxf1 Rxd5 26. cxd5 Qxd5 27. Kg1 Re5 28. Qxa4 b5 29. Qf4 c5 30. Qg4 Qe6 31. Qxe6 fxe6 32. Kf1 Kf7 33. b3 Ke7 34. a4 bxa4 35. bxa4 Kd7 36. Rb1 Kc7 37. Rb3 Rd5 38. Ke2 Rd4 39. Ra3 Kb6 40. a5+ Ka6 41. Ke3 Rb4 42. Ra2 Rb5 43. Re2 Kxa5 44. Kf3 Rb3 45. Rxe6 Rxd3+ 46. Ke2 c4 47. Re7 d5 48. Rxg7 d4 49. Rh7 Kb4 50. Rxh6 Kc3 51. Rc6 Rd2+ 52. Ke1 Rb2 53. f4 Rg2 54. f5 d3 55. Rd6 d2+ 56. Kd1 Rxg3 57. f6 Rg1+ 58. Ke2 Re1+ 59. Kf2 d1Q 60. Rxd1 Rxd1 0-1

[Event "GER-chT U20"]
[Site "Osnabrueck"]
[Date "2010.12.27"]
[Round "2.4"]
[White "Suderland, Stefan"]
[Black "Arnold, Sebastian"]
[Result "1/2-1/2"]
[WhiteElo "1750"]
[BlackElo "1752"]
[PlyCount "56"]
[EventDate "2010.12.27"]
[EventType "team-swiss"]
[EventRounds "7"]
[EventCountry "GER"]
[SourceTitle "CBM 140 Extra"]
[Source "ChessBase"]
[SourceDate "2011.03.01"]
[SourceVersion "1"]
[SourceVersionDate "2011.03.01"]
[SourceQuality "1"]
[WhiteTeam "Bendorf"]
[BlackTeam "Kelheim"]
[WhiteTeamCountry "GER"]
[BlackTeamCountry "GER"]

1. e4 e5 2. Nf3 Nc6 3. Bb5 a6 4. Ba4 Nf6 5. d3 b5 6. Bb3 Be7 7. 0-0 d6 8. h3 Na5 9. c3 Nxb3 10. Qxb3 Be6 11. Qc2 0-0 12. Be3 c5 13. Ng5 h6 14. Nxe6 fxe6 15. c4 Nh5 16. Nc3 b4 17. Ne2 Bg5 18. Qd2 Nf4 19. Bxf4 Bxf4 20. Nxf4 Rxf4 21. Qe3 Qf8 22. f3 g5 23. Rf2 Rf7 24. Raf1 Kh7 25. g3 Qg8 26. Kh1 Raf8 27. Kh2 Qg7 28. Kh1 Qg8 1/2-1/2

[Event "Bayernliga U20 1011"]
[Site "Bayern"]
[Date "2010.12.04"]
[Round "3.3"]
[White "Arnold, Sebastian"]
[Black "Miller, Eduard"]
[Result "0-1"]
[WhiteElo "1749"]
[BlackElo "2104"]
[PlyCount "74"]
[EventDate "2010.10.16"]
[EventType "team-tourn"]
[EventRounds "7"]
[EventCountry "GER"]
[SourceTitle "EXT 2022"]
[Source "ChessBase"]
[SourceDate "2021.10.06"]
[SourceVersion "1"]
[SourceVersionDate "2021.10.06"]
[SourceQuality "1"]
[WhiteTeam "Kelheim SK U20"]
[BlackTeam "Forchheim SC U20"]
[WhiteTeamCountry "GER"]
[BlackTeamCountry "GER"]

1. e4 d6 2. d4 Nf6 3. Bd3 e5 4. dxe5 dxe5 5. Bg5 h6 6. Bh4 Be6 7. Nf3 c6 8. 0-0 Nbd7 9. Nc3 Be7 10. Bg3 Qc7 11. Qe2 0-0 12. Nd2 b5 13. Nb3 Qb6 14. Kh1 a5 15. f4 exf4 16. Bxf4 a4 17. Be3 c5 18. Nd2 b4 19. Nd1 Qc6 20. Nf2 Nb6 21. b3 Bd6 22. Qf3 Be5 23. Rad1 c4 24. Bxb6 cxd3 25. Nxd3 Qxb6 26. Nxe5 axb3 27. axb3 Ra2 28. Ndc4 Qb7 29. Rfe1 Rxc2 30. Rd2 Rxd2 31. Nxd2 Rd8 32. Qe3 Qc7 33. Ndc4 Bxc4 34. Nxc4 Ng4 35. Qg1 Rd3 36. h3 Qg3 37. Rf1 Qh4 0-1

[Event "Oberpfalz-ch M2"]
[Site "Roding"]
[Date "2010.03.30"]
[Round "7"]
[White "Arnold, Sebastian"]
[Black "Bauer, Tobias"]
[Result "1/2-1/2"]
[WhiteElo "1681"]
[BlackElo "1694"]
[PlyCount "20"]
[EventDate "2010.03.27"]
[EventType "swiss"]
[EventRounds "8"]
[EventCountry "GER"]
[SourceTitle "EXT 2012"]
[Source "ChessBase"]
[SourceDate "2011.11.24"]
[SourceVersion "1"]
[SourceVersionDate "2011.11.24"]
[SourceQuality "1"]

1. e4 c5 2. Nf3 e6 3. d4 cxd4 4. Nxd4 a6 5. Be2 Qc7 6. 0-0 b6 7. Be3 Bb7 8. f3 Bd6 9. g3 Bxg3 10. hxg3 Qxg3+ 1/2-1/2

[Event "Oberpfalz-ch M2"]
[Site "Roding"]
[Date "2010.03.30"]
[Round "8"]
[White "Schindler, Thomas"]
[Black "Arnold, Sebastian"]
[Result "1/2-1/2"]
[WhiteElo "1613"]
[BlackElo "1681"]
[PlyCount "101"]
[EventDate "2010.03.27"]
[EventType "swiss"]
[EventRounds "8"]
[EventCountry "GER"]
[SourceTitle "EXT 2012"]
[Source "ChessBase"]
[SourceDate "2011.11.24"]
[SourceVersion "1"]
[SourceVersionDate "2011.11.24"]
[SourceQuality "1"]

1. e4 e5 2. Nf3 Nc6 3. Bb5 a6 4. Bxc6 dxc6 5. 0-0 Bg4 6. d3 Nf6 7. h3 Bxf3 8. Qxf3 Qd7 9. Bg5 Be7 10. Qe3 b6 11. Nd2 0-0 12. Kh1 h6 13. Bh4 Rad8 14. Nf3 Qe6 15. Bg3 Bd6 16. Nh4 Kh7 17. Nf5 Ng8 18. f4 Bc5 19. Qe2 g6 20. Nh4 exf4 21. Be1 Ne7 22. Bc3 Bd4 23. Bxd4 Rxd4 24. Rxf4 g5 25. Nf3 Rd5 26. Qd2 gxf4 27. exd5 Nxd5 28. Re1 Ne3 29. b3 Re8 30. d4 Rd8 31. c4 Qe4 32. Re2 Kg8 33. Qe1 Kh7 34. Qh4 Rg8 35. Qf6 Qg6 36. Qxf4 Nxg2 37. Qxc7 Qf5 38. Qh2 Qxf3 39. Rxg2 Qd1+ 40. Qg1 Qf3 41. Kh2 Rxg2+ 42. Qxg2 Qf4+ 43. Kh1 Qxd4 44. Qxc6 Qa1+ 45. Kg2 Qxa2+ 46. Kg1 Qb1+ 47. Kh2 Qb2+ 48. Kh1 Qc1+ 49. Kg2 Qd2+ 50. Kh1 Qe1+ 51. Kh2 1/2-1/2

[Event "GER-ch U25 op"]
[Site "Willingen"]
[Date "2008.05.14"]
[Round "6"]
[White "Arnold, Sebastian"]
[Black "Carow, Annelen"]
[Result "0-1"]
[WhiteElo "1366"]
[BlackElo "1542"]
[PlyCount "130"]
[EventDate "2008.05.11"]
[EventType "swiss"]
[EventRounds "9"]
[EventCountry "GER"]
[SourceTitle "CBM 124 Extra"]
[Source "ChessBase"]
[SourceDate "2008.07.03"]
[SourceVersion "1"]
[SourceVersionDate "2008.07.03"]
[SourceQuality "1"]

1. e4 e5 2. Nf3 Nc6 3. d4 exd4 4. Bc4 Be7 5. Nxd4 d6 6. Nc3 Nf6 7. 0-0 0-0 8. Be3 Ng4 9. Qd2 Nxe3 10. Qxe3 Nxd4 11. Qxd4 Bf6 12. Qd3 Re8 13. Rfe1 Be5 14. Qf3 Be6 15. Bxe6 fxe6 16. Qh3 Qe7 17. Rab1 Rf8 18. Nd1 Rf6 19. g3 Bd4 20. c3 Bb6 21. e5 Rh6 22. Qg2 d5 23. Ne3 Bxe3 24. Rxe3 g5 25. Kh1 Rg6 26. Rd1 Rc8 27. Qh3 Qf8 28. Qg2 c6 29. Qf3 g4 30. Qxf8+ Rxf8 31. Kg2 Rg5 32. Rde1 Rgf5 33. Rf1 Kg7 34. f3 gxf3+ 35. Rexf3 Kg6 36. g4 Rxf3 37. Rxf3 Rxf3 38. Kxf3 c5 39. Kf4 b5 40. a3 b4 41. axb4 cxb4 42. cxb4 h5 43. gxh5+ Kxh5 44. Ke3 Kg4 45. b5 Kh3 46. Kf4 Kxh2 47. Kg5 Kg3 48. Kf6 d4 49. Kxe6 d3 50. Kf7 d2 51. e6 d1Q 52. e7 Qf3+ 53. Ke6 Qe4+ 54. Kd7 Qd5+ 55. Ke8 Kf4 56. Kf8 Qf5+ 57. Kg7 Qe6 58. Kf8 Qf6+ 59. Ke8 Ke5 60. b6 Kd6 61. Kd8 Qxe7+ 62. Kc8 axb6 63. Kb8 b5 64. b4 Kc6 65. Ka8 Qb7# 0-1

[Event "Oberpfalz-ch M3"]
[Site "Windischeschenbach"]
[Date "2007.04.02"]
[Round "5"]
[White "Arnold, Sebastian"]
[Black "Middendorf, Heinrich"]
[Result "0-1"]
[WhiteElo "1255"]
[BlackElo "1438"]
[PlyCount "109"]
[EventDate "2007.03.31"]
[EventType "swiss"]
[EventRounds "8"]
[EventCountry "GER"]
[SourceTitle "EXT 2022"]
[Source "ChessBase"]
[SourceDate "2021.10.06"]
[SourceVersion "1"]
[SourceVersionDate "2021.10.06"]
[SourceQuality "1"]

1. e4 e5 2. Nf3 Nc6 3. Bc4 d6 4. h3 Be7 5. d3 Nf6 6. Nc3 0-0 7. Be3 Na5 8. Bb3 Bd7 9. Qd2 b6 10. 0-0 Rc8 11. Nh2 Nxb3 12. axb3 a5 13. f4 exf4 14. Bxf4 Nh5 15. Be3 Be6 16. Nb5 d5 17. exd5 Qxd5 18. Nc3 Qd7 19. Qe2 Ng3 20. Qf3 Nxf1 21. Rxf1 f5 22. Qg3 Rf6 23. Qf3 Rcf8 24. Bf4 c6 25. Be3 c5 26. Bg5 Rg6 27. Bxe7 Qxe7 28. Qc6 Bxb3 29. Qb5 Bxc2 30. Nd5 Qe5 31. Nf3 Qxd5 32. Qc4 Qxc4 33. dxc4 Rd6 34. Kh2 Be4 35. Ng1 Rd2 36. Nf3 Rxb2 37. Kg3 Bxf3 38. Rxf3 Rc2 39. Rf4 g5 40. Rf3 Rxc4 41. Rd3 Rd4 42. Rc3 c4 43. Kf3 Rd3+ 44. Rxd3 cxd3 45. Ke3 Rd8 46. Kd2 b5 47. Kd1 b4 48. Kc1 b3 49. g3 d2+ 50. Kd1 b2 51. h4 b1Q+ 52. Ke2 Qe1+ 53. Kf3 Rd3+ 54. Kg2 Qe2+ 55. Kh1 0-1